Vainqueur de Roland Garros (21e siècle) - Statistiques

Statistiques générales
  • Ce quiz a été pris 424 fois
  • Le résultat moyen est 20 sur 24
Statistiques - réponses
ans Winner % Correct
2005 Nadal
100%
2006 Nadal
100%
2007 Nadal
100%
2008 Nadal
100%
2010 Nadal
100%
2011 Nadal
100%
2012 Nadal
100%
2013 Nadal
100%
2014 Nadal
100%
2017 Nadal
100%
2018 Nadal
100%
2019 Nadal
100%
2020 Nadal
100%
2022 Nadal
100%
2016 Djokovic
98%
2021 Djokovic
98%
2023 Djokovic
98%
2009 Federer
95%
2015 Wawrinka
77%
2003 Ferrero
30%
2000 Kuerten
27%
2001 Kuerten
27%
2004 Gaudio
16%
2002 Costa
14%
Aucun quiz correspondant
Distribution des résultats
% des personnes avec chaque résultat
Percentile par nombre de réponses
Votre historique - résultats
Vous n’avez pas pris ce quiz